1828 1848 1970 1297 1442 1363 1219 1922 1121 1639 1126 1741 1069 1412 1861 1432 1992 1610 1786 1515 1772 1745 1384 1111 1838 1181 1002 1490 1826 1175 1914 1374 1888 1866 1892 1903 1258 1653 1314 1147 1514 1115 1250 1589 1507 1762 1372 1325 1119 1935 1572 1673 1484 1473 1089 1950 1949 1119 1671 1274 1474 1599 1171 1107 1115 1300 1879 1518 1298 1161 1612 1991 1176 1760 1820 1025 1069 1140 1548 1530 1289 1351 1804 1530 1861 1490 1803 1033 1591 1827 1828 1704 1476 1136 1091 1688 1497 1547 1910 BCNSPRNW ULIB Ver.6.0+V

เปลี่ยนเป็นภาษาไทย

Change to English
 แสดงรายละเอียดบรรณานุกรม
  กลับหน้าหลัก

Brief Record : Get Marc (ISO 2709) : E-mail record : QR code < ปิดหน้าต่าง
LEADER : 00000nam 2200000uu 4500
001    13399113908
003     ULIB
008    120112s2549||||th 000 0 tha d
020    ^a9742762597
050  4 ^aQH581.2^bล239ช 2549
100 0  ^aลัดดา เอกสมทราเมษฐ์
245 10 ^aชีววิทยาของเซลล์ =^bCell biology /^cลัดดา เอกสมทราเมษฐ์
246 31 ^aCell biology
250    ^aพิมพ์ครั้งที่ 2
260    ^aกรุงเทพฯ :^bโอเดียนสโตร์,^c2549
300    ^a255 หน้า :^bภาพประกอบ ;^c24 ซม.
650  4 ^aเซลล์
650  4 ^aชีววิทยา
945    ^p195^l0^i18630
945    ^p195^l0^i18631
945    ^p195^l0^i18632
945    ^p195^l0^i18633
995    ^aกัณชพร
999 ^a ใช้งานได้ทุกระบบ
รายการนี้ยังไม่มีแท็ก
คุณยังไม่ได้ล็อกอิน คุณสามารถมีกิจกรรมร่วมกับเว็บไซต์ได้ แต่ต้องล็อกอินก่อน ::
  ล็อกอิน

รายการสื่อสารสนเทศ

ลำดับที่ ประเภท เลขเรียก/บาร์โค้ด สถานที่ สถานะ
- ไม่พบข้อมูล -

รายการใกล้เคียง
    ผู้แต่ง [ลัดดา เอกสมทราเมษฐ์]

    หัวเรื่อง [เซลล์]
    หัวเรื่อง [ชีววิทยา]

BibComment


ยังไม่เคยถูกคอมเมนท์

คอมเมนท์ทรัพยากรรายการนี้
  คอมเมนท์: ชีววิทยาของเซลล์..


 Copyright 2026. Bcnsprnw @Library